00524nam a2200145Ia 4500008004100000020001800041082002000059100004600079245006500125260003800190300001000228942001200238999001900250952010900269210430s9999 xx 000 0 und d a9812-53-124-6 a660.283 B8631 E aLloyd E. Brownell, Edwin H. Young9127224 aProcess Equipment Design: Vessel Design /cLloyd E. Brownell aNew YorkbJohn Wiley & Sonsc2004 a408p. cBK2ddc c564787d564787 001040708NFICaSCMEbSCMEcGENd0000-00-00l0o660.283 B8631 EpSCME-4008r2021-04-30w2021-04-30yBK